Hoàn thiện quy chế pháp lý chống độc quyền đối với loại hình doanh nghiệp “Public Utilities” /

में बचाया:
ग्रंथसूची विवरण
मुख्य लेखक: Đào Ngọc Báu.
स्वरूप: लेख
भाषा:Vietnamese
विषय:
टैग : टैग जोड़ें
कोई टैग नहीं, इस रिकॉर्ड को टैग करने वाले पहले व्यक्ति बनें!
Thư viện lưu trữ: Thư viện Trường Đại học Đà Lạt
LEADER 00871nam a2200277 4500
001 DLU180188990
005 ##20181207
040 # # |a DLU  |b vie 
041 # # |a vie 
044 # # |a vn 
100 # # |a Đào Ngọc Báu. 
245 # # |a Hoàn thiện quy chế pháp lý chống độc quyền đối với loại hình doanh nghiệp “Public Utilities” /  |c Đào Ngọc Báu. 
653 # # |a Chống độc quyền 
653 # # |a Doanh nghiệp 
653 # # |a Hoạt động kinh doanh 
653 # # |a Public Utilities 
773 # # |t Nhà nước và pháp luật  |g Số 10(318), 2014, tr. 59-68 
920 # # |a Phòng Tạp chí -- Trung tâm Thông tin - Thư viện Trường Đại học Đà Lạt 
994 # # |a DLU 
900 # # |a True 
911 # # |a Hoàng Thị Huyền 
925 # # |a G 
926 # # |a A 
927 # # |a BB 
980 # # |a Thư viện Trường Đại học Đà Lạt